Zlá krev

Třetí svazek historického cyklu zavádí čtenáře do Prahy 80. a počátku 90. let 19. století.

Uloženo v:
Médium: E-kniha
Jazyk:Czech
Témata:
On-line přístup:Odkaz na plný text
Plný text
Plný text
Plný text
Obálka
Tagy:
Žádné tagy
LEADER 01535nam a2200277 a 4500
001 5240579
003 CZ-PrMKP
005 20260602113307.7
007 ta
008 260511n---------------g----------f-cze--
040 |a ABG001  |b cze 
072 7 |a 821.162.3-3  |x Česká próza  |2 Konspekt  |9 25 
080 |a 821.162.3-31  |2 MRF_2003 
080 |a (0:82-311.6)  |2 MRF_2003 
245 1 0 |a Zlá krev 
520 2 |a Třetí svazek historického cyklu zavádí čtenáře do Prahy 80. a počátku 90. let 19. století.  |b Nedobyl z lakoty opustil svůj ideál vybudovat ze Žižkova výstavnou obec a místo toho staví levné dělnické činžáky. Umírá a uvědomí si, že jeho dílo přišlo nazmar. Bolestně postižen byl i Born, zakládající si na svém vlastenectví, z jeho syna se stal odrodilec a nakonec policejní donašeč. Tragický osud stíhá i Pecolda, který po vězení umírá jako oběť při potlačování stávky. 
655 7 |a české romány  |7 fd133974  |2 czenas 
655 7 |a historické romány  |7 fd132414  |2 czenas 
655 9 |a Czech fiction  |2 eczenas 
655 9 |a historical novels  |2 eczenas 
856 4 1 |u http://search.mlp.cz/searchMKP.jsp?action=sTitul&key=5240579  |y Odkaz na plný text 
856 4 1 |q epub  |u https://web2.mlp.cz/koweb/00/05/24/05/79/zla_krev.epub  |y Plný text 
856 4 1 |q pdf  |u https://web2.mlp.cz/koweb/00/05/24/05/79/zla_krev.pdf  |y Plný text 
856 4 1 |q prc  |u https://web2.mlp.cz/koweb/00/05/24/05/79/zla_krev.prc  |y Plný text 
856 4 1 |u https://web2.mlp.cz/koweb/00/05/24/05/79.jpg  |y Obálka 
910 |a ABG001